| 000 | 00505nam a22001937a 4500 | ||
|---|---|---|---|
| 003 | LK-CoDNM | ||
| 005 | 20250121131826.0 | ||
| 008 | 250116b |||||||| |||| 00| 0 eng d | ||
| 040 |
_aLK-CoDNM _dLK-CoDNM _eLK-CoDNM |
||
| 041 | _aeng | ||
| 080 |
_a11 _bX24 |
||
| 100 | _aMarshall, Henry | ||
| 245 | _aContribution to a natural and economical history of the coconut tree | ||
| 260 |
_c1832 _aEdinburgh _bJohn Carfrae |
||
| 300 | _b30p. ; 24 cm | ||
| 650 | _aScience | ||
| 650 | _a1832 | ||
| 942 | _cBK | ||
| 999 |
_c237192 _d237192 |
||